000
00246nam a22001097a 4500
082
_a
823
_b
DEM/B
100
_a
DEMAREST, CHRIS
245
_a
BENEDICT GOES TO THE BEACH
260
_a
USA
_b
LADY BIRD
650
_a
ENGLISH SHORT STORY
_z
USA
942
_c
BK
999
_c
3349
_d
3349